| 000 | 00514nam a22001937a 4500 | ||
|---|---|---|---|
| 003 | MPLRDC | ||
| 005 | 20220104193338.0 | ||
| 008 | 210129b ||||| |||| 00| 0 eng d | ||
| 020 | _a978-986-5896-52-2 | ||
| 082 | _a784.28 RAP | ||
| 100 | _aCELINE RAPHAEL | ||
| 245 |
_a过度教育 _c黄琪雯 译 |
||
| 250 | _a初版四刷 | ||
| 260 |
_a台湾 _b宝瓶文化事业有限公司 _c2013 |
||
| 300 | _b平 | ||
| 490 | _aVISION: 111 | ||
| 650 | _a法国人物传记--CELINE RAPHAEL | ||
| 942 |
_cBK _o784.28 RAP |
||
| 999 |
_c65153 _d65143 |
||